Congoism (Record no. 36756)
[ view plain ]
| 000 -LEADER | |
|---|---|
| fixed length control field | 00741nam a2200121Ia 4500 |
| 008 - FIXED-LENGTH DATA ELEMENTS--GENERAL INFORMATION | |
| fixed length control field | 220621s9999||||xx |||||||||||||| ||und|| |
| 100 ## - MAIN ENTRY--PERSONAL NAME | |
| Personal name | Van Hove, Johnny |
| 245 #0 - TITLE STATEMENT | |
| Title | Congoism |
| Remainder of title | Congo Discourses in the United States from 1800 to the Present |
| 546 ## - LANGUAGE NOTE | |
| Language note | English[eng] |
| 650 ## - SUBJECT ADDED ENTRY--TOPICAL TERM | |
| Topical term or geographic name entry element | History||United States||Congo||History||Racism||Culture||Neocolonialism||Malcom X||Joseph Conrad||David Van Reybrouck||Cultural History||Postcolonialism||America||American History||History of Colonialism||American Studies |
| 856 ## - ELECTRONIC LOCATION AND ACCESS | |
| Uniform Resource Identifier | <a href="https://library.oapen.org/bitstream/20.500.12657/25383/1/1004713.pdf||https://library.oapen.org/bitstream/20.500.12657/25383/1/1004713.pdf||https://library.oapen.org/bitstream/20.500.12657/25383/1/1004713.pdf">https://library.oapen.org/bitstream/20.500.12657/25383/1/1004713.pdf||https://library.oapen.org/bitstream/20.500.12657/25383/1/1004713.pdf||https://library.oapen.org/bitstream/20.500.12657/25383/1/1004713.pdf</a> |
| 942 ## - ADDED ENTRY ELEMENTS (KOHA) | |
| Koha item type | E-Books |
| Withdrawn status | Lost status | Damaged status | Not for loan | Home library | Current library | Date acquired | Total Checkouts | Date last seen | Price effective from | Koha item type |
|---|---|---|---|---|---|---|---|---|---|---|
| Kerala University of Digital Sciences, Innovation and Technology Knowledge Centre | Kerala University of Digital Sciences, Innovation and Technology Knowledge Centre | 21/06/2022 | 21/06/2022 | 21/06/2022 | E-Books |